Theoretical physics / (Record no. 8324)

MARC details
000 -LEADER
fixed length control field 01409cam a22004097 4500
001 - CONTROL NUMBER
control field 4993400
003 - CONTROL NUMBER IDENTIFIER
control field LIBRIS
005 - DATE AND TIME OF LATEST TRANSACTION
control field 20251214151549.0
008 - FIXED-LENGTH DATA ELEMENTS--GENERAL INFORMATION
fixed length control field 011211s1986 xxu|||||||||||000 0|eng|c
020 ## - INTERNATIONAL STANDARD BOOK NUMBER
International Standard Book Number 0486652270
040 ## - CATALOGING SOURCE
Original cataloging agency Li
Transcribing agency n
041 1# - LANGUAGE CODE
Language code of text/sound track or separate title eng
Language code of original ger
082 #4 - DEWEY DECIMAL CLASSIFICATION NUMBER
Classification number 530.1 J67 1987
Edition number 19
084 ## - OTHER CLASSIFICATION NUMBER
Classification number 70-01
Number source msc
084 ## - OTHER CLASSIFICATION NUMBER
Classification number 78-01
Number source msc
084 ## - OTHER CLASSIFICATION NUMBER
Classification number 80-01
Number source msc
084 ## - OTHER CLASSIFICATION NUMBER
Classification number 83-01
Number source msc
084 ## - OTHER CLASSIFICATION NUMBER
Classification number Ucce
Number source kssb/6
100 1# - MAIN ENTRY--PERSONAL NAME
Personal name Joos, Georg,
Dates associated with a name 1894-1959
Authority record control number or standard number https://libris.kb.se/sq47hkzb20qhf66#it
240 10 - UNIFORM TITLE
Uniform title Lehrbuch der theoretischen Physik
Language of a work Engelska
245 10 - TITLE STATEMENT
Title Theoretical physics /
Statement of responsibility, etc. Georg Joos, with the collaboration of Ira M. Freeman.
250 ## - EDITION STATEMENT
Edition statement 3. ed.
264 #1 - PRODUCTION, PUBLICATION, DISTRIBUTION, MANUFACTURE, AND COPYRIGHT NOTICE
Place of production, publication, distribution, manufacture New York :
Name of producer, publisher, distributor, manufacturer Dover,
Date of production, publication, distribution, manufacture, or copyright notice 1986
300 ## - PHYSICAL DESCRIPTION
Extent 883 p.21 cm.
650 #0 - SUBJECT ADDED ENTRY--TOPICAL TERM
Topical term or geographic name entry element Mathematical physics
700 1# - ADDED ENTRY--PERSONAL NAME
Personal name Freeman, Ira Maximilian
775 0# - OTHER EDITION ENTRY
Record control number 9923021920
887 ## - NON-MARC INFORMATION FIELD
Content of non-MARC field {"@id":"btmdglvn3802fps","modified":"2020-05-27T12:39:57.582+02:00"}
Source of data librisxl
887 ## - NON-MARC INFORMATION FIELD
Content of non-MARC field {"@id":"v05s1k21416vzjn","modified":"2024-05-06T17:03:26+02:00"}
Source of data librisxl
887 ## - NON-MARC INFORMATION FIELD
Content of non-MARC field {"@id":"t5glkvtrrbm4xdh6","modified":"2020-05-27T12:40:22.828+02:00"}
Source of data librisxl
900 1s - EQUIVALENCE OR CROSS-REFERENCE-PERSONAL NAME [LOCAL, CANADA]
Linkage 100
Fuller form of name (Georg),
Dates associated with a name 1894-1959
Affiliation Joos, Georg,
Dates associated with a name 1894-1959
942 ## - ADDED ENTRY ELEMENTS (KOHA)
Source of classification or shelving scheme Dewey Decimal Classification
Koha item type English Book
Suppress in OPAC No
Holdings
Withdrawn status Lost status Source of classification or shelving scheme Damaged status Not for loan Home library Current library Date acquired Total Checkouts Full call number Barcode Date last seen Price effective from Koha item type
    Dewey Decimal Classification     CENTRAL TUWAIQ 12/28/2025   530.1 J67 1987 1000000025590 12/28/2025 12/28/2025 English Book